000 00603nam a2200193 4500
999 _c186358
_d186358
005 20220224144657.0
010 _aENG-131786
020 _a97899352833986
_c350.00
035 _aEN-115318
037 _bDBAD/PUB
082 _a518
100 _aSengar, Santosh Kumar
245 _aComputer Based Numerical and Statistical Techniques/
_cSantosh Kumar Sengar
250 _a4th Edition
260 _aNew Delhi
_bS Chand And Company Limited
_c2019
270 _a7361, Ram Nagar, Qutab Road
_bNew Delhi
_e110055
300 _axvi,566p.
_bIndex
_c24cm(pbk)
942 _2ddc
_cEN
_h518
_mSEN